El delito de administracin̤ desleal (artc̕ulo 252 del Cd̤igo Penal) en el m̀bito de las sociedades de capital

Detalles Bibliográficos
Autor principal: Gl̀vez Jimňez, Aixa
Formato: eBook
Lenguaje:español
Publicado: Madrid: Dykinson, 2019
Materias:
Acceso en línea:Acceso restringido

MARC

LEADER 00000nam a22000007a 4500
005 20190829132623.0
007 cr|||| ||||
008 190829s2019 es |||||s|||| 00||0 spa d
020 |a 978-84-1324-198-2 
035 |a 24165 
040 |a vLex 
090 |c 9328  |d 9328 
100 1 |a Gl̀vez Jimňez, Aixa 
245 1 2 |a El delito de administracin̤ desleal (artc̕ulo 252 del Cd̤igo Penal) en el m̀bito de las sociedades de capital  |h [Recurso electrn̤ico] /  |c Aixa Gl̀vez Jimňez 
256 |a Servicio en ln̕ea 
260 |a Madrid:  |b Dykinson,  |c 2019 
300 |a 1 recurso electrn̤ico 
500 |a En el aǫ 1995 se incorporaron al Cd̤igo Penal los delitos societarios, entre ellos el delito de administracin̤ desleal. Sin embargo, tras la entrada en vigor de la LO 1/2015, de 30 de marzo, este delito ha sido eliminado, y en su lugar se ha introducido el delito de administracin̤ desleal genřico. De esta manera, se incorpora al Cd̤igo Penal a travš del artc̕ulo 252 un delito que castiga la administracin̤ desleal en cualquier m̀bito y no exclusivamente en el societario. En esta obra se lleva a cabo un amplio anl̀isis –que toma como base la estructura cls̀ica de la Teora̕ Jurd̕ica del Delito– del delito cuando se aplica en la esfera de los negocios (en concreto, de las sociedades de capital) que culmina con una propuesta lege ferenda. 
506 1 |a Disponible solo en los productos indicados  |d vLex Global  |d vLex Global (Academic Edition, excluding Law Schools)  |d vLex Global (U.S. Academic Edition, Law Schools)  |d vLex Global (U.S. Academic Edition, excluding Law Schools)  |d vLex Global (Academic Edition, Law Schools) 
650 0 4 |a Sociedades  |z Espaą 
650 0 4 |a Derecho Penal  |z Espaą 
740 0 |a vLex Libros (Servicio en ln̕ea) 
856 4 0 |u http://vlex.com/source/delito-de-administracion-desleal-articulo-252-del-codigo-penal-en-el-ambito-de-las-sociedades-de-capital-24165  |z Acceso restringido 
942 |c BOOK 
999 0 |a Societies 
999 0 |a Criminal Law